000 00279nam a22001097a 4500
008 170125b xxu||||| |||| 00| 0 eng d
020 _a9780323031332
041 _aeng
080 _23RD
_a618.2
245 _aNURSING THEORY UTILIZATION & APPLICATION
_cALLIGOOD, M.R
942 _2udc
_cBK
999 _c3568
_d3568